[Event "Norman Friedman Memorial"]
[Site "Boise, ID"]
[Date "2018.10.13"]
[Round "1.1"]
[White "Companyo, Josep"]
[Black "He, Justin"]
[Result "1-0"]
[WhiteElo "2039"]
[BlackElo "1346"]
[EventType "swiss"]
[EventRounds "5"]
[EventCountry "USA"]

1. f4 d5 2. Nf3 Nc6 3. b3 Nf6 4. Bb2 e6 5. e3 Bb4 6. Bb5 Bd7 7. O-O O-O 8.
Bxc6 Bxc6 9. Ne5 Rb8 10. Nxc6 bxc6 11. d3 Qe7 12. Nd2 c5 13. Nf3 Nd7 14. Qe2
Rfe8 15. e4 c6 16. e5 Ba5 17. Kh1 Bc7 18. Rae1 Nb6 19. Ba3 Nd7 20. Qf2 Bb6 21.
Qg3 Ba5 22. Re2 Bb4 23. Bc1 Kh8 24. Qh3 Nb6 25. Ng5 h6 26. g4 Kg8 27. Nf3 Nd7
28. g5 Kh7 29. gxh6 g6 30. Ng5+ Kh8 31. Bb2 Nf8 32. Qg3 Nh7 33. Nf3 Ba5 34. h4
Qf8 35. Ng5 Rb7 36. h5 Qxh6 37. Nxh7 Qxh7 38. Rh2 Kg7 39. hxg6 Qxg6 40. Qh3
Kf8 41. Qe3 Bb6 42. Ba3 Ke7 43. Rg1 Qf5 44. Rg5 {#r} 1-0

[Event "Norman Friedman Memorial"]
[Site "Boise, ID"]
[Date "2018.10.13"]
[Round "1.2"]
[White "Zeng, Forrest"]
[Black "Parsons, Larry R"]
[Result "1-0"]
[WhiteElo "1332"]
[BlackElo "2000"]
[EventType "swiss"]
[EventRounds "5"]
[EventCountry "USA"]

1. e4 c5 2. Nf3 Nc6 3. d4 cxd4 4. Nxd4 g6 5. Bb5 Bg7 6. Be3 Nf6 7. Nc3 O-O 8.
f4 Nxd4 9. Bxd4 d6 10. Qd2 Qa5 11. Bd3 Qb4 12. Ne2 Qxd2+ 13. Kxd2 Bd7 14. h3
Bc6 15. Ke3 Rfc8 16. g4 Nd7 17. Bxg7 Kxg7 18. Ng3 Nc5 19. Rac1 d5 20. Rhd1
dxe4 21. Nxe4 Nxd3 22. Rxd3 Rd8 23. Rcd1 Rxd3+ 24. Rxd3 Rc8 25. c3 Kf8 26. b3
Ke8 27. c4 b5 28. Nd2 bxc4 29. Nxc4 Bb5 30. Rd4 Bxc4 31. Rxc4 Rxc4 32. bxc4
Kd7 33. g5 Kc6 34. Kd4 Kd6 35. h4 Kc6 36. a4 Kd6 37. a5 Kc6 38. c5 a6 39. Kc4
e6 40. Kd4 Kb5 41. Ke5 Kxc5 42. Kf6 Kd5 43. Kxf7 Ke4 44. Kxe6 Kxf4 45. Kd6 Kg4
46. Kc6 Kxh4 47. Kb6 Kxg5 48. Kxa6 h5 49. Kb6 {#r} 1-0

[Event "Norman Friedman Memorial"]
[Site "Boise, ID"]
[Date "2018.10.13"]
[Round "1.3"]
[White "Kircher, Caleb"]
[Black "Ang, Ching-E Nobel"]
[Result "1-0"]
[WhiteElo "1904"]
[BlackElo "1297"]
[EventType "swiss"]
[EventRounds "5"]
[EventCountry "USA"]

1. e4 e5 2. Nf3 Nc6 3. d4 exd4 4. Bc4 h6 5. O-O Bc5 6. c3 dxc3 7. Bxf7+ Kxf7
8. Qd5+ Kf8 9. Qxc5+ d6 10. Qxc3 Qf6 11. Qe3 Bg4 12. Nc3 Bxf3 13. Nd5 Qd8 14.
Qxf3+ Nf6 15. Nf4 Ne5 16. Qb3 Qc8 17. f3 Ke7 18. Be3 b6 19. Rac1 g5 20. Rxc7+
Qxc7 21. Qe6+ Kd8 22. Qxf6+ Kd7 23. Nd5 Qd8 24. Qf5+ Ke8 25. Rc1 Nd7 26. Qe6+
Kf8 27. Rc7 Rh7 28. Qxd6+ Ke8 29. Rxd7 Rxd7 30. Nf6+ Kf7 31. Nxd7 Rc8 32. Ne5+
Ke8 33. Qe6+ Qe7 34. Qxc8+ Qd8 35. Qe6+ Qe7 36. Qg8+ Qf8 37. Qg6+ Kd8 38.
Bxb6+ axb6 39. Qxb6+ Kc8 40. Qc6+ {#r} 1-0

[Event "Norman Friedman Memorial"]
[Site "Boise, ID"]
[Date "2018.10.13"]
[Round "1.4"]
[White "Leifeste, Bryce"]
[Black "Machin, Alex James"]
[Result "0-1"]
[WhiteElo "1296"]
[BlackElo "1845"]
[EventType "swiss"]
[EventRounds "5"]
[EventCountry "USA"]

1. e4 d6 2. d4 Nf6 3. Nc3 Nbd7 4. Be3 e5 5. d5 Be7 6. Nf3 O-O 7. Bc4 Ng4 8.
Bd2 f5 9. O-O f4 10. Re1 g5 11. Nxg5 Bxg5 12. Qxg4 Nb6 13. Qe2 f3 14. Bxg5
Qxg5 15. Qf1 Nxc4 16. g3 Nd2 17. Qd3 Qg4 18. Nd1 Qh3 19. Ne3 Rf6 20. Qb5 c6
21. dxc6 Rh6 22. Qd5+ Kh8 23. Qxd2 Qxh2+ 24. Kf1 Qh1# 0-1

[Event "Norman Friedman Memorial"]
[Site "Boise, ID"]
[Date "2018.10.13"]
[Round "1.5"]
[White "Shepard, River"]
[Black "Felice, Louis"]
[Result "0-1"]
[WhiteElo "1200"]
[BlackElo "1387"]
[EventType "swiss"]
[EventRounds "5"]
[EventCountry "USA"]

{Louis Felice was paired and listed as White with River Shepard as Black on
the pairing chart as well as the official final record of the event (even
after US Chess rated the event) because neither player told the TD staff that
they had played with the wrong colors until some time in the fifth round.
Failure of either player to notify the TD staff of the player-error resulted
in Shepard being White in four out of five games and Felice being Black in
four out of five games (as well as possible other pairing deviations that the
computer might have considered.)--Roland.} 1. e4 e5 2. Nf3 Nc6 3. Bb5 a6 4.
Ba4 Nf6 5. O-O Be7 6. Re1 O-O 7. c3 d6 8. d4 Bd7 9. h3 b5 10. Bb3 h6 11. Nbd2
Re8 12. Nf1 Bf8 13. Ng3 Nb8 14. dxe5 dxe5 15. Bd2 c5 16. Bc2 Nc6 17. Qe2 Qc7
18. Red1 Rad8 19. b3 Qc8 20. c4 Nd4 21. Nxd4 cxd4 22. Bd3 b4 23. a3 a5 24.
axb4 Bxb4 25. Rxa5 Bxa5 26. Bxa5 Qb8 27. Bxd8 Rxd8 28. Qb2 Be6 29. Ra1 Qb7 30.
Ra5 Nd7 31. c5 Qxb3 32. Qxb3 Bxb3 33. c6 Nf8 34. Rxe5 Ne6 35. Rb5 Ba4 36. Rb6
Rc8 37. Ne2 Bxc6 38. Rb4 Rd8 39. f3 Kf8 40. Kf2 Be8 41. f4 Nc5 42. Nc1 Bc6 43.
Ke2 Bxe4 44. Bxe4 Nxe4 45. Nb3 d3+ 46. Kd1 f5 47. Nd2 Nc3+ 48. Kc1 Na2+ {#R}
0-1

[Event "Norman Friedman Memorial"]
[Site "Boise, ID"]
[Date "2018.10.13"]
[Round "1.6"]
[White "Wang, William"]
[Black "Forster, Manfred"]
[Result "0-1"]
[WhiteElo "1148"]
[BlackElo "1740"]
[EventType "swiss"]
[EventRounds "5"]
[EventCountry "USA"]

1. d4 d5 2. Nf3 c6 3. Bf4 e6 4. e3 Nf6 5. h3 Bd6 6. Nbd2 O-O 7. Bd3 Qc7 8. Ne5
c5 9. Qf3 c4 10. Be2 Nc6 11. Qg3 g6 12. O-O Bxe5 13. dxe5 Nd7 14. Bh6 Re8 15.
f4 Ne7 16. e4 Qb6+ 17. Kh2 Qxb2 18. exd5 Nf5 19. Qg5 exd5 20. e6 Nf6 21. exf7+
Kxf7 22. Nxc4 dxc4 23. Bxc4+ Be6 24. Bxe6+ Rxe6 25. Rab1 Qa3 26. Rxb7+ Re7 27.
Rxe7+ Qxe7 28. g4 Qe2+ {#R} 0-1

[Event "Norman Friedman Memorial"]
[Site "Boise, ID"]
[Date "2018.10.13"]
[Round "1.7"]
[White "Dagher, Dr. Gaby"]
[Black "Baumann, Christopher J"]
[Result "0-1"]
[WhiteElo "1732"]
[BlackElo "879"]
[EventType "swiss"]
[EventRounds "5"]
[EventCountry "USA"]

1. e4 e5 2. Nf3 Nc6 3. Bc4 Nf6 4. Ng5 d5 5. exd5 Nb4 6. d6 Be6 7. dxc7 Qxc7 8.
Nxe6 Qxc4 9. Nxg7+ Bxg7 10. Na3 Qe4+ 11. Kf1 Nfd5 12. d3 Qh4 13. Qe1 Rc8 14.
g3 Qh3+ 15. Kg1 Nxc2 16. Nxc2 Rxc2 17. Qa5 Qf5 18. Qxa7 O-O 19. Kg2 Qxd3 20.
Rf1 e4 21. Kg1 Bd4 22. Qxb7 Ne3 23. Bxe3 Bxe3 24. Rae1 Bd4 25. Rd1 Bxf2+ 26.
Kg2 Be1+ 27. Kg1 {#R} 0-1

[Event "Norman Friedman Memorial"]
[Site "Boise, ID"]
[Date "2013.10.13"]
[Round "1.8"]
[White "Gokei, Cole"]
[Black "Roland, Jeffrey T"]
[Result "0-1"]
[WhiteElo "788"]
[BlackElo "1731"]
[EventType "swiss"]
[EventRounds "5"]
[EventCountry "USA"]

1. f4 d5 2. d4 g6 3. Nf3 Bg7 4. Nc3 e6 5. e4 dxe4 6. Nxe4 b6 7. Nc3 Bb7 8. Be3
Ne7 9. Bc4 Nf5 10. Qd2 Bxf3 11. gxf3 c6 12. Qd3 Nxe3 13. Qxe3 Qxd4 14. Qe4 O-O
15. Bb5 Qxe4+ 16. fxe4 Bxc3+ 17. bxc3 cxb5 18. O-O Nd7 19. Rab1 a6 20. Rfd1
Nc5 21. e5 Rfd8 22. Rd6 Rxd6 23. exd6 Ne4 24. d7 Nxc3 25. Rb3 Nd5 26. Rd3 Rd8
27. Rd4 Rxd7 28. c4 bxc4 29. Rxc4 Rc7 {#R} 0-1

[Event "Norman Friedman Memorial"]
[Site "Boise, ID"]
[Date "2018.10.13"]
[Round "1.9"]
[White "Presutti, Michael J"]
[Black "Olson, Otto William"]
[Result "1-0"]
[WhiteElo "1713"]
[BlackElo "746"]
[EventType "swiss"]
[EventRounds "5"]
[EventCountry "USA"]

1. Nf3 d5 2. c4 e6 3. d4 c5 4. Nc3 Nc6 5. cxd5 exd5 6. e3 Nh6 7. dxc5 Be6 8.
Be2 Bxc5 9. O-O O-O 10. b3 Nf5 11. Na4 Nce7 12. Nxc5 Bc8 13. Bb2 b6 14. Na6
Re8 15. Rc1 Bb7 16. Nc7 d4 17. Nxd4 Nxd4 18. Qxd4 Qxd4 19. Bxd4 Nf5 20. Nxe8
Rxe8 21. Bf3 Bxf3 22. gxf3 Nxd4 23. exd4 g6 24. d5 Kg7 25. d6 a5 26. d7 Rd8
27. Rcd1 b5 28. Rfe1 a4 29. Re8 Rxd7 30. Rxd7 a3 31. Ree7 b4 32. Rxf7+ Kh6 33.
f4 Kh5 34. h3 Kh6 35. Rxh7# 1-0

[Event "Norman Friedman Memorial"]
[Site "Boise, ID"]
[Date "2018.10.13"]
[Round "1.10"]
[White "Connors III, John E"]
[Black "Fucsko, Janos"]
[Result "0-1"]
[WhiteElo "618"]
[BlackElo "1695"]
[EventType "swiss"]
[EventRounds "5"]
[EventCountry "USA"]

1. e4 e5 2. Bd3 Nf6 3. Nf3 Nc6 4. Nc3 Bc5 5. Bc4 O-O 6. Bd5 a6 7. d3 Nd4 8.
O-O c6 9. Bc4 b5 10. Nxe5 bxc4 11. Nxc4 d5 12. Ne5 Bd6 13. Nxc6 Nxc6 14. Nxd5
Nxd5 15. exd5 Ne7 16. c4 Qc7 17. b3 Bxh2+ 18. Kh1 Nf5 19. Qf3 Be5 20. Bg5 Bxa1
21. Rxa1 Qe5 22. Bf4 Qxa1+ 23. Kh2 Ra7 24. Qg4 Nh6 25. Bxh6 Bxg4 {#R} 0-1

[Event "Norman Friedman Memorial"]
[Site "Boise, ID"]
[Date "2018.10.13"]
[Round "1.11"]
[White "Wei, James"]
[Black "Qiu, Steven"]
[Result "1-0"]
[WhiteElo "1656"]
[BlackElo "580"]
[EventType "swiss"]
[EventRounds "5"]
[EventCountry "USA"]

1. e4 e5 2. Nf3 Nc6 3. Bb5 a6 4. Ba4 b5 5. Bb3 Nf6 6. O-O Nxe4 7. Re1 Nc5 8.
Nxe5 Nxe5 9. Rxe5+ Be7 10. Bxf7+ Kxf7 11. Qf3+ Ke8 12. Qxa8 d6 13. Re1 Kd7 14.
d4 Nb7 15. Qxa6 c6 16. d5 Na5 17. dxc6+ Nxc6 18. Qxb5 Rf8 19. Be3 Qc7 20. Nc3
Kd8 21. Bb6 Qxb6 22. Qxb6+ Kd7 23. Nd5 Bd8 24. Qe3 Re8 25. Qxe8# 1-0

[Event "Norman Friedman Memorial"]
[Site "Boise, ID"]
[Date "2018.10.13"]
[Round "1.12"]
[White "Liu, Daniel"]
[Black "Machakos, Seth"]
[Result "0-1"]
[WhiteElo "536"]
[BlackElo "1503"]
[EventType "swiss"]
[EventRounds "5"]
[EventCountry "USA"]

1. e4 e5 2. c4 Nc6 3. Be2 Bc5 4. Nh3 d6 5. Qa4 Nf6 6. b4 Bxb4 7. Ba3 Bxa3 8.
Nxa3 Nxe4 9. O-O Bxh3 10. gxh3 Nxd2 11. Rfd1 Qg5+ 12. Kh1 Qf4 13. Nb1 Nf3 14.
Rd3 Qxh2# 0-1

[Event "Norman Friedman Memorial"]
[Site "Boise, ID"]
[Date "2018.10.13"]
[Round "1.13"]
[White "Kitterman, Andrew Nicholas"]
[Black "Leifeste, Jef"]
[Result "1-0"]
[WhiteElo "1478"]
[BlackElo "427"]
[EventType "swiss"]
[EventRounds "5"]
[EventCountry "USA"]

1. e4 e5 2. Nf3 Nc6 3. Bb5 Nf6 4. d3 a6 5. Bxc6 bxc6 6. Nxe5 d5 7. exd5 cxd5
8. O-O c5 9. Nc6 Qd6 10. Re1+ Be6 11. Ne5 g6 12. Bf4 Qb6 13. Nc3 Bg7 14. Qd2
h6 15. Nxg6 fxg6 16. Rxe6+ Kf7 17. Rxb6 Kg8 18. Re1 Kh7 19. Ree6 Rhf8 20. Rb7
Nh5 21. Bxh6 d4 22. Ne4 a5 23. Rxg6 Rg8 24. Qg5 a4 25. Rbxg7+ Nxg7 26. Nf6+
Kh8 27. Bxg7+ Rxg7 28. Qh6+ Rh7 29. Qxh7# 1-0

[Event "Norman Friedman Memorial"]
[Site "Boise, ID"]
[Date "2018.10.13"]
[Round "1.15"]
[White "Porth, Adam"]
[Black "Daghir, George"]
[Result "1-0"]
[WhiteElo "1375"]
[BlackElo "245"]
[EventType "swiss"]
[EventRounds "5"]
[EventCountry "USA"]

1. e4 e5 2. Nf3 Nc6 3. d4 exd4 4. Bc4 Bb4+ 5. c3 dxc3 6. Nxc3 Bxc3+ 7. bxc3
Nf6 8. Ng5 h6 9. Bxf7+ Kf8 10. Ba3+ d6 11. Be6 hxg5 12. Bb3 Nxe4 13. Qd5 Nxc3
14. Qf7# 1-0

[Event "Norman Friedman Memorial"]
[Site "Boise, ID"]
[Date "2018.10.13"]
[Round "2.1"]
[White "Machakos, Seth"]
[Black "Companyo, Josep"]
[Result "0-1"]
[WhiteElo "1503"]
[BlackElo "2039"]
[EventType "swiss"]
[EventRounds "5"]
[EventCountry "USA"]

1. e4 e6 2. d4 d5 3. Nd2 c5 4. exd5 exd5 5. Bb5+ Nc6 6. Ngf3 Qb6 7. Bxc6+ bxc6
8. Qe2+ Be7 9. dxc5 Qxc5 10. Nb3 Qd6 11. Be3 Bf6 12. O-O-O Ne7 13. Rhe1 Be6
14. h4 O-O 15. h5 Bg4 16. h6 g6 17. Kb1 Rfe8 18. Qd2 Bxf3 19. gxf3 Nf5 20. Bf4
Qd8 21. Rxe8+ Qxe8 22. Re1 Qf8 23. c3 a5 24. Nd4 Bxd4 25. cxd4 c5 26. dxc5
Qxc5 27. Re5 Qf8 28. Rxd5 a4 29. Bd6 Qxh6 30. Qxh6 Nxh6 31. Bf4 Nf5 32. Bg5
Kg7 33. b3 axb3 34. axb3 Ra7 35. Kb2 f6 36. Be3 Rb7 37. Kc3 Kf7 38. b4 h5 39.
f4 Ke6 40. Rd8 Ne7 41. Kc4 Nc6 42. Rg8 Kf7 43. b5 {#R} 0-1

[Event "Norman Friedman Memorial"]
[Site "Boise, ID"]
[Date "2018.10.13"]
[Round "2.2"]
[White "Lange, Brian"]
[Black "Kircher, Caleb"]
[Result "1-0"]
[WhiteElo "1356"]
[BlackElo "1904"]
[EventType "swiss"]
[EventRounds "5"]
[EventCountry "USA"]

1. b3 e5 2. Bb2 Nc6 3. e3 Nf6 4. Nf3 d6 5. Be2 g6 6. O-O Bg7 7. c4 O-O 8. d3
Re8 9. Nbd2 d5 10. cxd5 Nxd5 11. a3 Be6 12. Qc2 f6 13. Rac1 Qd7 14. Rfe1 Rac8
15. Ne4 Nce7 16. Nc5 Qc6 17. Nxe6 Qxe6 18. Nd2 Kh8 19. Ne4 b6 20. Qb1 c5 21.
d4 f5 22. Ng5 Qf6 23. Nf3 cxd4 24. exd4 e4 25. Ne5 Qe6 26. Bb5 Red8 27. Rxc8
Nxc8 28. Rc1 Bxe5 29. dxe5 Nce7 30. Bc4 Nc6 31. Rd1 Nce7 32. Qc1 Qc6 33. Qh6
Qe6 34. Bxd5 f4 35. Qf8+ Rxf8 36. Bxe6 Nc6 37. Bf7 Kg7 38. e6+ Kh6 39. Rd6 e3
40. Rxc6 Rd8 41. fxe3 fxe3 42. Rc1 e2 43. Kf2 {#r} 1-0

[Event "Norman Friedman Memorial"]
[Site "Boise, ID"]
[Date "2018.10.13"]
[Round "2.3"]
[White "Machin, Alex James"]
[Black "Kitterman, Andrew Nicholas"]
[Result "1-0"]
[WhiteElo "1845"]
[BlackElo "1478"]
[EventType "swiss"]
[EventRounds "5"]
[EventCountry "USA"]

1. d4 Nf6 2. c4 e6 3. Nf3 c5 4. d5 exd5 5. cxd5 d6 6. Nc3 g6 7. Bf4 a6 8. a4
Bg7 9. e4 O-O 10. h3 Re8 11. Bd3 c4 12. Bc2 Qc7 13. O-O Nbd7 14. Qe2 Rb8 15.
a5 b5 16. axb6 Nxb6 17. Rfd1 h6 18. Qf1 Nbd7 19. Ra2 Nc5 20. Qxc4 {#r} 1-0

[Event "Norman Friedman Memorial"]
[Site "Boise, ID"]
[Date "2018.10.13"]
[Round "2.4"]
[White "Forster, Manfred"]
[Black "Felice, Louis"]
[Result "1-0"]
[WhiteElo "1740"]
[BlackElo "1387"]
[EventType "swiss"]
[EventRounds "5"]
[EventCountry "USA"]

1. d4 f5 2. e4 fxe4 3. Nc3 d5 4. f3 Nf6 5. Bf4 g6 6. Qd2 Bg7 7. O-O-O a6 8.
Nge2 Bd7 9. Ng3 Nc6 10. fxe4 dxe4 11. d5 Nb4 12. a3 a5 13. axb4 axb4 14. Nb1
b3 15. cxb3 c6 16. dxc6 Rc8 17. c7 Rxc7+ 18. Bxc7 Qxc7+ 19. Nc3 O-O 20. Bc4+
Kh8 21. Rhf1 b5 22. Rxf6 Bxf6 23. Nd5 Qe5 24. Nxf6 Rxf6 25. Qxd7 bxc4 26. Qc8+
Kg7 27. Qxc4 e3 28. Qc3 Qe6 29. Re1 Kf8 30. Rxe3 Qa6 31. Rf3 Ke8 32. Rxf6 exf6
33. Qc4 {#r} 1-0

[Event "Norman Friedman Memorial"]
[Site "Boise, ID"]
[Date "2018.10.13"]
[Round "2.5"]
[White "Roland, Jeffrey T"]
[Black "Porth, Adam"]
[Result "1-0"]
[WhiteElo "1731"]
[BlackElo "1375"]
[EventType "swiss"]
[EventRounds "5"]
[EventCountry "USA"]

1. d4 d5 2. c4 c6 3. Nf3 Bf5 4. Nc3 e6 5. Qb3 Qd7 6. Ne5 Qe7 7. cxd5 cxd5 8.
Qb5+ Nd7 9. Qxb7 Nb6 10. Qc6+ Kd8 11. Qxa8+ Nxa8 12. Nc6+ Kd7 13. Nxe7 Bxe7
14. Bf4 Nf6 15. e4 Nxe4 16. Bb5+ Kd8 17. Nxe4 Bxe4 18. O-O g5 19. Bb8 a5 20.
Rac1 g4 21. Rc6 Bg5 22. Ra6 Nc7 23. Bxc7+ Kxc7 24. a4 Rb8 25. Rxa5 Kb7 26. Be2
Kc8 27. Rc5+ Kd8 28. Bb5 Be7 29. Rc6 Bg5 30. Ra1 Bd3 31. Bxd3 Rxb2 32. Rb1 Rd2
33. Bxh7 Rxd4 34. Ra6 Ke7 35. g3 f5 36. Bg8 e5 37. Rb7+ Ke8 38. Ra8+ Bd8 39.
Bf7+ {#r} 1-0

[Event "Norman Friedman Memorial"]
[Site "Boise, ID"]
[Date "2018.10.13"]
[Round "2.6"]
[White "Baumann, Christopher J"]
[Black "Presutti, Michael J"]
[Result "0-1"]
[WhiteElo "879"]
[BlackElo "1713"]
[EventType "swiss"]
[EventRounds "5"]
[EventCountry "USA"]

1. e4 e5 2. Bc4 Nf6 3. Qf3 c6 4. Nc3 Bb4 5. Nge2 O-O 6. a3 Be7 7. d3 d6 8. Bg5
Nbd7 9. Qg3 Nh5 10. Qh4 Bxg5 11. Qxh5 Nc5 12. d4 Ne6 13. h4 Bf6 14. O-O-O Nxd4
15. Nxd4 exd4 16. Ne2 Qe7 17. Bd3 Qe5 18. Qxe5 dxe5 19. g3 Bg4 20. Rdf1 Rad8
21. f3 Be6 22. f4 c5 23. f5 c4 24. fxe6 cxd3 25. cxd3 fxe6 26. g4 Be7 27.
Rxf8+ Rxf8 28. Kd2 Rf2 29. Ke1 Rf3 30. Kd2 a5 31. Ng1 Rg3 32. g5 h6 33. gxh6
gxh6 34. a4 Kg7 35. b3 Kg6 36. Ke2 Kh5 37. Nf3 Bd6 38. Kf2 Kg4 39. Ne1 Bb4 40.
Ke2 Re3+ 41. Kd1 Rxe1+ 42. Rxe1 Bxe1 43. Kxe1 Kf3 44. Kd2 Kf2 45. h5 b6 46.
Kd1 Ke3 47. Kc2 Ke2 48. Kc1 Kxd3 49. Kd1 Kc3 50. Kc1 Kxb3 51. Kb1 Kc3 52. Kc1
d3 53. Kd1 Kd4 54. Kd2 Kxe4 55. Kd1 Kf3 56. Kd2 e4 57. Kd1 e3 58. Ke1 e2 59.
Kd2 Kf2 60. Kxd3 e1=Q {#R} 0-1

[Event "Norman Friedman Memorial"]
[Site "Boise, ID"]
[Date "2018.10.13"]
[Round "2.7"]
[White "Fucsko, Janos"]
[Black "Zeng, Forrest"]
[Result "0-1"]
[WhiteElo "1695"]
[BlackElo "1332"]
[EventType "swiss"]
[EventRounds "5"]
[EventCountry "USA"]

1. Nf3 d5 2. e4 dxe4 3. Ng5 Nf6 4. Nc3 e5 5. Bc4 Be6 6. Bxe6 fxe6 7. Nxe6 Qd6
8. Ng5 Nc6 9. O-O h6 10. Ngxe4 Nxe4 11. Nxe4 Qg6 12. d3 O-O-O 13. Be3 Be7 14.
h3 Rhf8 15. Qg4+ Qxg4 16. hxg4 Nd4 17. Bxd4 exd4 18. f4 Bd6 19. g3 Rf7 20. Kg2
Rdf8 21. Nxd6+ cxd6 22. Rae1 d5 23. Re5 Rd8 24. Rfe1 Rc7 25. R1e2 b6 26. Re8
Rxe8 27. Rxe8+ Kd7 28. Re2 Kd6 29. a3 a5 30. f5 Re7 31. Rxe7 Kxe7 32. Kf3 Kf6
33. Kf4 b5 34. c3 dxc3 35. bxc3 d4 36. c4 b4 37. axb4 axb4 38. Ke4 b3 39. Kxd4
b2 40. Kd5 b1=Q 41. d4 Qb7+ 42. Kc5 Ke7 43. d5 Kd7 44. g5 hxg5 45. g4 Qa7+ 46.
Kb5 Kd6 47. Kb4 Qc5+ 48. Kc3 Ke5 49. Kb3 Kf4 {#R} 0-1

[Event "Norman Friedman Memorial"]
[Site "Boise, ID"]
[Date "2018.10.13"]
[Round "2.8"]
[White "Daghir, Gabriel"]
[Black "Wei, James"]
[Result "0-1"]
[WhiteElo "118"]
[BlackElo "1656"]
[EventType "swiss"]
[EventRounds "5"]
[EventCountry "USA"]

1. d4 d5 2. Bf4 Nf6 3. Qd3 c6 4. Nc3 Bg4 5. f3 Bh5 6. g4 Bg6 7. Nh3 Bxd3 8.
exd3 Nbd7 9. g5 Nh5 10. Bd2 Qb6 11. Na4 Qxd4 12. c3 Qh4+ 13. Nf2 Qxa4 14. b3
Qh4 15. O-O-O Qxf2 16. Bh3 Ne5 17. d4 Nxf3 18. Rhf1 Qe2 19. Rde1 Qxd2+ 20. Kb1
Nxe1 21. b4 Qc2+ 22. Ka1 Qc1# 0-1

[Event "Norman Friedman Memorial"]
[Site "Boise, ID"]
[Date "2018.10.13"]
[Round "2.9"]
[White "Porth, Desmond"]
[Black "Baumann, David C"]
[Result "1-0"]
[WhiteElo "1594"]
[BlackElo "698"]
[EventType "swiss"]
[EventRounds "5"]
[EventCountry "USA"]

1. c4 d5 2. cxd5 Nf6 3. Nc3 c6 4. dxc6 Nxc6 5. g3 b6 6. Bg2 Bb7 7. e3 e5 8.
Nge2 Qd7 9. O-O Bc5 10. a3 a5 11. Nb5 O-O 12. Nec3 Rfd8 13. a4 Qe8 14. Qc2 Rd7
15. Ne4 Nb4 16. Qc4 Bd5 17. Nxf6+ gxf6 18. Bxd5 Rad8 19. Bg2 Nc6 20. Bxc6 Kh8
21. Bxd7 Qxd7 22. f4 e4 23. Qxe4 Re8 24. Qc2 Rg8 25. b3 Bf8 26. Qc7 Qe6 27.
Rb1 Rg6 28. f5 Qe7 29. Qxe7 Bxe7 30. fxg6 fxg6 31. Bb2 Kg7 32. Rbc1 Bb4 33.
Rc7+ Kh6 34. d4 Bd2 35. e4 Kg5 36. d5 Kg4 37. d6 h5 38. d7 Kh3 39. d8=Q g5 40.
Qxd2 f5 41. Qg2+ Kg4 42. Qf3+ {#r} 1-0

[Event "Norman Friedman Memorial"]
[Site "Boise, ID"]
[Date "2018.10.13"]
[Round "2.10"]
[White "Parsons, Larry R"]
[Black "Gokei, Cole"]
[Result "1-0"]
[WhiteElo "2000"]
[BlackElo "788"]
[EventType "swiss"]
[EventRounds "5"]
[EventCountry "USA"]

1. Nf3 c5 2. c4 d5 3. cxd5 Qxd5 4. Nc3 Qd8 5. g3 Nc6 6. Bg2 e5 7. O-O g6 8. d3
Bg7 9. Be3 b6 10. Nxe5 Nge7 11. Nxc6 Qc7 12. Nxe7 Qxe7 13. Bxa8 Bb7 14. Bxb7
Qxb7 15. Qa4+ Ke7 16. Qe4+ Qxe4 17. dxe4 Rc8 18. Rad1 Kf8 19. Rd7 a5 20. Rfd1
Bf6 21. Bh6+ Kg8 22. Nd5 {#r} 1-0

[Event "Norman Friedman Memorial"]
[Site "Boise, ID"]
[Date "2018.10.13"]
[Round "2.11"]
[White "Olson, Otto William"]
[Black "Dagher, Dr. Gaby"]
[Result "0-1"]
[WhiteElo "746"]
[BlackElo "1732"]
[EventType "swiss"]
[EventRounds "5"]
[EventCountry "USA"]

1. d4 d5 2. e3 Nf6 3. Bd3 e6 4. Nf3 c5 5. Nbd2 Nc6 6. b3 Bd6 7. Bb2 O-O 8. O-O
cxd4 9. exd4 b6 10. Ne5 Bb7 11. f4 Rc8 12. Ndf3 Nb4 13. Be2 Nxc2 14. Qb1 Nxa1
15. Bxa1 h6 16. Nd2 Rc7 17. Ng4 Nxg4 18. Bxg4 f5 19. Qe1 fxg4 20. Qxe6+ Kh7
21. Qxg4 Rc2 22. Qe2 Ba6 23. Qxa6 Rxd2 24. Qxa7 Bxf4 25. Qa3 Be3+ 26. Rf2
Rfxf2 27. h3 Rxg2+ 28. Kf1 Rg1# 0-1

[Event "Norman Friedman Memorial"]
[Site "Boise, ID"]
[Date "2018.10.13"]
[Round "2.12"]
[White "He, Justin"]
[Black "Connors III, John E"]
[Result "1-0"]
[WhiteElo "1346"]
[BlackElo "618"]
[EventType "swiss"]
[EventRounds "5"]
[EventCountry "USA"]

1. e4 e5 2. Nf3 d6 3. d4 Nc6 4. Bb5 Nf6 5. d5 Bd7 6. dxc6 bxc6 7. Bd3 h6 8.
O-O g5 9. h3 Rg8 10. Nc3 c5 11. Re1 Qe7 12. Bc4 O-O-O 13. Nd5 Qe6 14. Nxf6
Qxf6 15. Ba6+ Kb8 16. Qd5 c6 17. Qb3+ Kc7 18. Qb7# 1-0

[Event "Norman Friedman Memorial"]
[Site "Boise, ID"]
[Date "2018.10.13"]
[Round "2.13"]
[White "Ang, Ching-E Nobel"]
[Black "Liu, Daniel"]
[Result "1-0"]
[WhiteElo "1297"]
[BlackElo "536"]
[EventType "swiss"]
[EventRounds "5"]
[EventCountry "USA"]

1. d4 Nc6 2. c4 Na5 3. e3 e6 4. Nc3 b6 5. Nf3 Ba6 6. b3 Bb4 7. Bd2 Nf6 8. Bd3
Nh5 9. O-O Qf6 10. Ne4 Qg6 11. Nd6+ cxd6 12. Bxg6 fxg6 13. Bxb4 Nb7 14. d5
exd5 15. Qxd5 Nf6 16. Qg5 O-O 17. Rfd1 Ne4 18. Qd5+ Kh8 19. Qxe4 d5 20. Rxd5
Rfe8 21. Qd4 Nd8 22. Bc3 Nc6 23. Qxg7# 1-0

[Event "Norman Friedman Memorial"]
[Site "Boise, ID"]
[Date "2018.10.13"]
[Round "2.14"]
[White "Qiu, Steven"]
[Black "Leifeste, Bryce"]
[Result "0-1"]
[WhiteElo "580"]
[BlackElo "1296"]
[EventType "swiss"]
[EventRounds "5"]
[EventCountry "USA"]

1. e4 c6 2. Nf3 d5 3. e5 f6 4. d4 e6 5. Nc3 Bb4 6. Bd2 Nd7 7. Be2 Ne7 8. O-O
O-O 9. Nxd5 Nxd5 10. c3 Ba5 11. b4 Bb6 12. c4 Ne7 13. c5 Bc7 14. Bc4 Nxe5 15.
dxe5 Bxe5 16. Re1 Bxa1 17. Bxe6+ Bxe6 18. Rxe6 Bc3 19. Rd6 Qe8 20. Bxc3 Rd8
21. Rd4 Nf5 22. Qb3+ Kh8 23. Rxd8 Qxd8 24. Qc2 Ne7 25. h3 Nd5 26. Bd4 Nxb4 27.
Qb1 a5 28. Bxf6 Qxf6 29. a3 Nd5 30. Qxb7 Qa1+ 31. Kh2 Qa2 32. Qxc6 h6 33. Qd6
Rf6 34. Qd8+ Kh7 35. Qxa5 Qxf2 36. Ne5 Qf4+ 37. g3 Qf2+ 38. Kh1 Qf1+ 39. Kh2
Rf2# 0-1